|
|
|
|
| LEADER |
00000cam a2200000 4500 |
| 001 |
vtls011910838 |
| 003 |
SK-MaSNL |
| 005 |
20260301145703.0 |
| 008 |
210223s2019 xo f br 000 1 slo |
| 015 |
|
|
|a SNBA2020/10
|
| 020 |
|
|
|a 9788082111227
|q (viazané)
|
| 035 |
|
|
|a urn:nbn:sk:snk-am00eobg
|
| 035 |
|
|
|a urn:nbn:sk:snk-am3ilhr
|
| 035 |
|
|
|a 48F2A84A-AC2B-4A9F-9F21-921914682A3A
|
| 040 |
|
|
|a SNK
|b slo
|c SNK
|e rda
|
| 041 |
1 |
|
|a slo
|h ita
|
| 044 |
|
|
|a xo
|c SK
|
| 072 |
|
7 |
|a 27-5
|x Liturgia. Kresťanské umenie a symbolika. Duchovný život
|2 konspekt
|
| 072 |
|
7 |
|a 0/9-053.2
|x Literatúra pre deti a mládež (náučná)
|2 konspekt
|
| 080 |
|
|
|a 272-534.35
|2 2011
|
| 080 |
|
|
|a 27-4
|2 2011
|
| 080 |
|
|
|a (0.05)
|2 2011
|
| 130 |
0 |
|
|a Le mie preghiere
|l Slovensky
|9 505861
|
| 245 |
0 |
0 |
|a Dnes sa pomodlím
|c z talianskeho originálu Le mie preghiere ... preklad Martin Csontos ; ilustroval Maurizio de Angelis
|
| 250 |
|
|
|a Vydanie 1.
|
| 264 |
|
1 |
|a [Varín]
|b Zachej.sk
|c 2019
|
| 300 |
|
|
|a 46 strán
|b farebné ilustrácie
|c 15 cm
|
| 336 |
|
|
|a text
|b txt
|2 rdacontent
|
| 337 |
|
|
|a bez média
|b n
|2 rdamedia
|
| 338 |
|
|
|a zväzok
|b nc
|2 rdacarrier
|
| 490 |
1 |
|
|a Zachej.sk deťom
|
| 500 |
|
|
|a Miesto vydania podľa NA ISBN
|
| 500 |
|
|
|a Preložené z taliančiny
|
| 650 |
0 |
7 |
|a katolícke modlitby
|2 SNKPH
|9 4273
|
| 650 |
0 |
7 |
|a kresťanský život
|2 SNKPH
|9 1808
|
| 650 |
0 |
7 |
|a Catholic prayers
|2 SNKPHeng
|9 308952
|
| 650 |
0 |
7 |
|a Christian life
|2 SNKPHeng
|9 265582
|
| 655 |
|
7 |
|a publikácie pre deti
|2 SNKPH
|9 70148
|
| 655 |
|
7 |
|a Publications for children
|2 SNKPHeng
|9 276792
|
| 700 |
1 |
|
|a Csontos, Martin
|4 trl
|9 363185
|
| 700 |
1 |
|
|a Angelis, Maurizio de
|4 ill
|9 505862
|
| 830 |
|
0 |
|a Zachej.sk deťom
|9 363186
|
| 919 |
|
|
|a 978-80-8211-122-7
|
| 958 |
|
|
|a LX
|
| 958 |
|
|
|a DB
|
| 958 |
|
|
|a UP
|
| 968 |
|
|
|b IT
|
| 999 |
|
|
|c 780982
|d 782912
|
| 952 |
|
|
|a SNK
|b SNK
|y PREZ
|7 0
|p 17A1425838
|o snkSE 13838
|i snk2020/8646
|8 0
|0 0
|1 0
|4 0
|d 2020-05-28
|f 1
|l 0
|r 2026-02-24 01:04:11
|w 2026-02-24
|
| 952 |
|
|
|a SNK
|b SNK
|y VYP
|7 0
|p 17A1425839
|o snkSE 13838 D1
|i snk2020/8647
|8 0
|0 0
|1 0
|4 0
|d 2020-05-28
|l 0
|r 2026-02-24 01:04:11
|w 2026-02-24
|